Trabajos prácticos de geografía humana / (Record no. 12532)

MARC details
000 -LEADER
campo de control de longitud fija 00696nam a2200241 i 4500
001 - NÚMERO DE CONTROL
campo de control 12532
003 - IDENTIFICADOR DE NÚMERO DE CONTROL
campo de control ES-MaACL
005 - FECHA Y HORA DE LA ÚLTIMA TRANSACCIÓN
campo de control 20230906150333.0
007 - CAMPO FIJO DE DESCRIPCIÓN FÍSICA--INFORMACIÓN GENERAL
campo de control de longitud fija t|
008 - DATOS DE LONGITUD FIJA--INFORMACIÓN GENERAL
campo de control de longitud fija 941013s1993 sp b |||| | spa j
020 ## - NÚMERO INTERNACIONAL ESTÁNDAR DEL LIBRO
Número Internacional Estándar del Libro 84-7738-039-2
080 ## - NÚMERO DE LA CLASIFICACIÓN DECIMAL UNIVERSAL
Número de la Clasificación Decimal Universal 914.60
245 00 - MENCIÓN DEL TÍTULO
Título Trabajos prácticos de geografía humana /
Mención de responsabilidad, etc. Consuelo del Canto Fresno ... [et al.].
250 ## - MENCION DE EDICION
Mención de edición 1ª reimp.
260 ## - PUBLICACIÓN, DISTRIBUCIÓN, ETC.
Lugar de publicación, distribución, etc. Madrid :
Nombre del editor, distribuidor, etc. Síntesis,
Fecha de publicación, distribución, etc. 1993.
300 ## - DESCRIPCIÓN FÍSICA
Extensión 440 p :
Otras características físicas map. ;
Dimensiones 22 cm.
500 ## - NOTA GENERAL
Nota general En el lomo: 2.
500 ## - NOTA GENERAL
Nota general Índices.
504 ## - NOTA DE BIBLIOGRAFÍA, ETC.
Nota de bibliografía, etc. Bibliografía: p. 429-432.
651 #4 - PUNTO DE ACCESO ADICIONAL DE MATERIA--NOMBRE GEOGRÁFICO
Nombre geográfico España-
Subdivisión general Geografía humana.
9 (RLIN) 8204
700 1# - ENTRADA AGREGADA--NOMBRE PERSONAL
Nombre de persona Canto Fresno, Consuelo del.
9 (RLIN) 34674
852 ## - LOCALIZACIÓN
Ubicación ES-MaACL
Número de control de estantería L-19877
Holdings
Estatus retirado Estado de pérdida Estado de daño No para préstamo Biblioteca de origen Biblioteca actual Ubicación en estantería Fecha de adquisición Fuente de adquisición Total de préstamos Signatura topográfica completa Código de barras Visto por última vez Precio de reemplazo Tipo de ítem Koha
        Biblioteca del Ateneo de Madrid Biblioteca del Ateneo de Madrid Depósito 2 17/01/2008     L-19877 1012768 23/02/2023 23/02/2023 Libro impreso